Djurgårdens IF Squad 2022 - Statistics

General Stats
  • This quiz has been taken 82 times
  • The average score is 15 of 28
Answer Stats
# Nationality Position Answer % Correct
35 Sweden Goalkeeper Jacob Widell Zetterström
95%
3 Sweden Defender Hjalmar Ekdal
82%
10 Sweden Striker Joel Asoro
77%
2 Sweden Defender Piotr Johansson
77%
18 Sweden Defender Isak Hien
75%
6 Finland Midfielder Rasmus Schüller
75%
16 Sweden Striker Victor Edvardsen
73%
99 Montenegro Midfielder Sead Hakšabanović
70%
15 Russia Goalkeeper Aleksandr Vasyutin
66%
8 Sweden Midfielder Elias Andersson
64%
12 Zambia Midfielder Emmanuel Banda
64%
13 Sweden Midfielder Hampus Finndell
64%
9 Sweden Midfielder Haris Radetinac
61%
17 Sweden Striker Karl Holmberg
61%
23 Norway Midfielder Gustav Wikheim
59%
N/A Sweden Manager Kim Bergstrand
55%
4 Sweden Defender Jesper Löfgren
52%
11 Albania Midfielder Albion Ademi
50%
5 Sweden Defender Elliot Käck
50%
N/A Sweden Manager Thomas Lagerlöf
50%
19 Sweden Defender Pierre Bengtsson
39%
22, Norway Defender Leo Cornic
36%
7 Sweden Midfielder Magnus Ericsson
32%
21 Sweden Defender Axel Wallenborg
23%
26 Sweden Defender Linus Tagesson
20%
27 Sweden Defender Melker Jonsson
20%
28 Sweden Striker Adam Bergmark Wiberg
18%
24 Kenya Defender Frank Odhiamo
16%
No matching quizzes found
Score Distribution
Percent of People with Each Score
Percentile by Number Answered
Your Score History
You have not taken this quiz